காத்தாத்குடியின் வரலாறும் பண்பாடும் : மதத் தூய்ரமவாதத்தின் பின்புலம் /
Saved in:
| Format: | Book |
|---|---|
| Language: | Sinhalese |
| Published: |
கொழும்பு :
குமரன் புத்தக இல்லம் ,
2020.
|
| Tags: |
Add Tag
No Tags, Be the first to tag this record!
|
MARC
| LEADER | 00000nam a22000007a 4500 | ||
|---|---|---|---|
| 003 | LK-CoNLD | ||
| 005 | 20260102102700.0 | ||
| 008 | 260102b |||||||| |||| 00| 0 sin d | ||
| 017 | |b LK-CoDNA | ||
| 020 | |a 9789556596724 | ||
| 040 | |a LK-CoNLD |b TAM |c LK-CoNLD |d LK-CoNLD | ||
| 082 | |2 23 |q LK-CoNLD | ||
| 245 | |a காத்தாத்குடியின் வரலாறும் பண்பாடும் : |b மதத் தூய்ரமவாதத்தின் பின்புலம் / |c அப்துல் றஹீம் ஜெஸ்மில். | ||
| 260 | |a கொழும்பு : |b குமரன் புத்தக இல்லம் , |c 2020. | ||
| 300 | |a ப. xviii, 163 ; | ||
| 880 | |6 245 - |a Kaaththaankudiyin varalaarum panpadum.... | ||
| 942 | |c BOOK | ||
| 945 | |a 22 |b Logeshwary RAMASAMY |c 22 |d Logeshwary RAMASAMY | ||
| 999 | |c 296284 |d 296284 | ||